000 00348 a2200169 4500
001 183191
020 _a85-11-05008-6
040 _cMagnum
100 _aCésar, Ana Cristina
240 1 0 _aA teus pés
_lpor
245 1 0 _aA teus pés
300 _a119
362 0 _a1992
440 1 _aBrasiliense
697 _aLITERATURA GERAL
942 _cBK
999 _c183191
_d183191